000 00318nam a22001337a 4500
008 181009b xxu||||| |||| 00| 0 eng d
020 _a9781591940043
041 _aeng
080 _24th
_a371
100 _a25
101 _aEDU
245 _aTen Steps to Improving College Reading Skills
_cLangan,J
942 _2udc
_cBK
999 _c49122
_d49122